[Event "Giraldilla de La Habana op"]
[Site "Havana"]
[Date "2018.08.01"]
[Round "7"]
[White "Magarino Carraleros, Daylin"]
[Black "Suarez Martinez, Yovany"]
[Result "1/2-1/2"]
[WhiteElo "1928"]
[BlackElo "2028"]
[PlyCount "22"]
[EventDate "2018.07.28"]
[EventType "swiss"]
[EventRounds "9"]
[EventCountry "CUB"]
[SourceTitle "EXT 2021"]
[Source "ChessBase"]
[SourceDate "2020.10.23"]
[SourceVersion "1"]
[SourceVersionDate "2020.10.23"]
[SourceQuality "1"]

1. e4 e6 2. d3 d5 3. Nd2 c5 4. g3 Nc6 5. Bg2 Nf6 6. Ngf3 Be7 7. 0-0 0-0 8. Re1 b5 9. e5 Nd7 10. Nf1 a5 11. h4 b4 1/2-1/2

[Event "Giraldilla de La Habana op"]
[Site "Havana"]
[Date "2018.07.28"]
[Round "1"]
[White "Morales Mora, Kendry Daniel"]
[Black "Suarez Martinez, Yovany"]
[Result "0-1"]
[WhiteElo "1773"]
[BlackElo "2028"]
[PlyCount "68"]
[EventDate "2018.07.28"]
[EventType "swiss"]
[EventRounds "9"]
[EventCountry "CUB"]
[SourceTitle "EXT 2021"]
[Source "ChessBase"]
[SourceDate "2020.10.23"]
[SourceVersion "1"]
[SourceVersionDate "2020.10.23"]
[SourceQuality "1"]

1. e4 e6 2. Nf3 d5 3. Nc3 Nf6 4. e5 Ng8 5. d4 b6 6. Bd3 Ba6 7. 0-0 Bxd3 8. Qxd3 Qd7 9. Ne2 Nc6 10. Bf4 Nge7 11. a3 Ng6 12. Bg3 Be7 13. Rac1 Na5 14. Nd2 b5 15. f4 Nc4 16. Nxc4 bxc4 17. Qd2 0-0 18. Rf3 Rfb8 19. c3 Nf8 20. Rcf1 g6 21. h4 h5 22. Nc1 Rb6 23. Na2 Rab8 24. Nb4 a5 25. Nc2 Rxb2 26. Be1 Bxa3 27. f5 exf5 28. Rxf5 gxf5 29. Qg5+ Ng6 30. Ne3 f4 31. Nf5 R8b6 32. Qxh5 Ne7 33. Nh6+ Rxh6 34. Qxh6 Qg4 0-1

[Event "Havana Province Oeste zt"]
[Site "Havana"]
[Date "2009.10.10"]
[Round "6"]
[White "Rey Rodriguez, Yosvany"]
[Black "Suarez Martinez, Yovany"]
[Result "1-0"]
[WhiteElo "2037"]
[BlackElo "2027"]
[PlyCount "83"]
[EventDate "2009.10.03"]
[EventType "swiss"]
[EventRounds "9"]
[EventCountry "CUB"]
[SourceTitle "EXT 2012"]
[Source "ChessBase"]
[SourceDate "2011.11.24"]
[SourceVersion "1"]
[SourceVersionDate "2011.11.24"]
[SourceQuality "1"]

1. c4 Nf6 2. e3 e6 3. b3 d5 4. g3 Nbd7 5. Bg2 b6 6. Ne2 Bb7 7. Bb2 Qc8 8. 0-0 dxc4 9. Bxb7 Qxb7 10. bxc4 Bd6 11. d3 0-0 12. Qc2 Qf3 13. Nd4 Qb7 14. Nb5 Be7 15. Nd2 Ne8 16. f4 Rd8 17. a4 a5 18. Rab1 Nef6 19. h3 Nc5 20. Nd4 Na6 21. Bc3 Bb4 22. N2f3 Bxc3 23. Qxc3 Nc5 24. Ne5 Rd6 25. Ndf3 Rfd8 26. Nd4 Nxd3 27. Nxd3 Ne4 28. Qe1 c5 29. Nxc5 Nxc5 30. Kh2 Qe4 31. Ra1 Qd3 32. Qc1 f6 33. Ra3 Qe4 34. Qb1 Qb7 35. Rf2 e5 36. fxe5 fxe5 37. Nf3 Rd1 38. Qf5 Nd3 39. Rxd3 R1xd3 40. Nxe5 Rd1 41. Qe6+ Kh8 42. Nf7+ 1-0

[Event "Havana Province Oeste zt"]
[Site "Havana"]
[Date "2009.10.05"]
[Round "2"]
[White "Suarez Martinez, Yovany"]
[Black "Moreda Rodriguez, Marcos Antonio"]
[Result "0-1"]
[WhiteElo "2027"]
[BlackElo "2039"]
[PlyCount "70"]
[EventDate "2009.10.03"]
[EventType "swiss"]
[EventRounds "9"]
[EventCountry "CUB"]
[SourceTitle "EXT 2012"]
[Source "ChessBase"]
[SourceDate "2011.11.24"]
[SourceVersion "1"]
[SourceVersionDate "2011.11.24"]
[SourceQuality "1"]

1. e4 c5 2. Nf3 d6 3. d4 cxd4 4. Nxd4 Nf6 5. Nc3 a6 6. Bg5 e6 7. f4 Be7 8. Qf3 Qc7 9. 0-0-0 Nc6 10. g4 Bd7 11. Nb3 b5 12. e5 dxe5 13. fxe5 Nd5 14. Bxe7 Ncxe7 15. Nxd5 Nxd5 16. Qe4 a5 17. Nd4 Qc5 18. Bd3 a4 19. a3 Rb8 20. Kd2 g6 21. c3 Qe7 22. h4 g5 23. h5 h6 24. Rhf1 Qc5 25. Rf3 Nf4 26. Rxf4 gxf4 27. Qxf4 Qe7 28. Rf1 Qg5 29. Qxg5 hxg5 30. Re1 Ke7 31. Rf1 Rh6 32. Ke3 f6 33. Nf3 Rb6 34. Kd4 Be8 35. exf6+ Rxf6 0-1